000 00633nam a2200169 i 4500
001 22792
003 ES-MaACL
005 20230906152746.0
007 t|
008 021204s1952 sp ||||1| spa d
100 1 _aAlonso Yague, Juan José.
_920435
245 1 3 _aLa propiedad industrial al alcance de todos
_b: legislación nacional e internacional /
_cJuan José Alonso Yague ; [prólogo de Pedro Martínez Garcimartín].
260 _aMadrid :
_bVictoriano Suárez,
_c1952 (
_fJosé Luis Cosano)
300 _aVII, 317 p. ;
_c19 cm.
700 1 _aMartínez Garcimartín, José Luis.
_978112
852 _aES-MaACL
_jD-5806
_bR.32533
999 _c22792
_d22792